Recuerdos - Juhn - Estadísticas

Estadísticas generales
  • Esta prueba ha sido intentada 28 veces
  • La puntuación promedio es 320 de 448
Estadísticas de respuestas
Letra % Correcto
de
100%
el
100%
en
100%
es
100%
mi
100%
no
100%
que
100%
Que
100%
qué
100%
si
100%
Si
100%
ah
67%
Aquel
67%
bebé
67%
buscas
67%
cama
67%
coma
67%
como
67%
contigo
67%
crea
67%
cuerpo
67%
da
67%
decía
67%
del
67%
desea
67%
día
67%
dice
67%
diseño
67%
dos
67%
dueño
67%
ea
67%
eh
67%
ella
67%
enchula
67%
enseñó
67%
Entramo
67%
Entre
67%
eres
67%
escribe
67%
ese
67%
está
67%
flaquea
67%
fui
67%
haces
67%
Hago
67%
hago
67%
hice
67%
insistía
67%
jangeo
67%
la
67%
las
67%
le
67%
lo
67%
ma
67%
mal
67%
maldad
67%
Me
67%
me
67%
mente
67%
mía
67%
mojadas
67%
motel
67%
mujer
67%
Muñequita
67%
negabas
67%
niegas
67%
noche
67%
pa
67%
palos
67%
Por
67%
porqué
67%
Porque
67%
quiera
67%
quieran
67%
recuerdos
67%
sábanas
67%
sabes
67%
salimo
67%
67%
Se
67%
siempre
67%
soy
67%
sueño
67%
supiera
67%
te
67%
tengo
67%
textea
67%
to
67%
To
67%
toas
67%
todas
67%
todavía
67%
trae
67%
tratas
67%
67%
67%
tu
67%
veces
67%
viejo
67%
y
67%
Y
67%
yo
67%
all
33%
aunque
33%
baby
33%
cuando
33%
dicen
33%
Dicen
33%
fácil
33%
Juhn
33%
millón
33%
negarme
33%
olvidar
33%
opción
33%
otro
33%
Oye
33%
primero
33%
quieras
33%
stars
33%
tengas
33%
tienes
33%
un
33%
única
33%
vuelves
33%
emcima
0%
No se encontraron pruebas coincidentes
Distribución de puntuación
Porcentaje de gente con cada puntuación
Porcentaje por número respondido
Historial de tus puntuaciones
No has intentado esta prueba.